| 000 | 00606nam a22001937a 4500 | ||
|---|---|---|---|
| 003 | OSt | ||
| 005 | 20260122065221.0 | ||
| 008 | 260122b |||||||| |||| 00| 0 eng d | ||
| 020 | _a0-7622-0516-4. | ||
| 040 |
_aDWCL-Main lib _cOC |
||
| 082 | _aGR. 510 M426 1998 | ||
| 245 |
_aMath user's handbook : _bhot words hot topics |
||
| 260 |
_aN. Y. : _bGlencoe/McGraw-Hill, _cc1998. |
||
| 300 |
_axiv, 22 pages : _bcolored illustration ; _c22 cm. |
||
| 504 | _aIncludes index. | ||
| 650 | _21. Mathematics-Problems, exercises, etc. | ||
| 650 | _22. Mathematics-Study and teaching. | ||
| 942 |
_2ddc _cBK-GR _kGR. _n0 |
||
| 999 |
_c7718 _d7718 |
||